Authentic EU Documents as a Productive Homogenous Discourse in Teaching EU English
Prehľad zdrojov dokumentov inštitúcií Európskej Únie (EÚ). Kurzy a materiály, založené na výsledkoch korpusového výskumu môžu presnejšie uspokojiť potreby študentov jazyka pre špecifické účely, pokiaľ ide o používanie jazyka v cieľovej situácii. Pedagogické dôsledky a konkrétne využitie autentických...
Salvato in:
| Autore principale: | |
|---|---|
| Natura: | Capitolo di libro |
| Lingua: | inglese |
| Soggetti: | |
| Tags: |
Nessun Tag, puoi essere il primo ad aggiungerne!!
|
MARC
| LEADER | 00000naa a2200000 4500 | ||
|---|---|---|---|
| 001 | 0289444 | ||
| 005 | 20240502074433.4 | ||
| 041 | 0 | |a eng | |
| 044 | |a SK | ||
| 245 | 1 | 0 | |a Authentic EU Documents as a Productive Homogenous Discourse in Teaching EU English |c Ivana Kapráliková |
| 520 | |a Prehľad zdrojov dokumentov inštitúcií Európskej Únie (EÚ). Kurzy a materiály, založené na výsledkoch korpusového výskumu môžu presnejšie uspokojiť potreby študentov jazyka pre špecifické účely, pokiaľ ide o používanie jazyka v cieľovej situácii. Pedagogické dôsledky a konkrétne využitie autentických textov EÚ vo vyučovaní angličtiny v EÚ. | ||
| 610 | 2 | 0 | |a dialektika |
| 610 | 2 | 0 | |a angličtina |
| 610 | 2 | 0 | |a dokumenty |
| 610 | 2 | 0 | |a dokumenty vládne |
| 610 | 2 | 0 | |a Európska únia |
| 610 | 2 | 0 | |a Európa |
| 610 | 2 | 0 | |a jazykoveda |
| 610 | 2 | 0 | |a jazyky cudzie |
| 100 | 1 | |a Kapráliková, Ivana, 1974- | |